00543nam a2200133Ia 4500008004100000020001800041050002200059245014800081250001000229260003500239300002300274500009100297650002100388120626s9999 xx 000 0 und d a970-26-0715-904aLB1051 W6618 200610aPsicología Educativa cAnita Woolfolk; Leticia Esther Pineda Ayala, Gloria Beltrán Pérez, María Cristina Chardon, Luz María Díaz S. a9a ed aMéxicobPearson Educación. aXXXI, 669 paginas. aContiene: índice de contenido\ prefacio\ índice onomástico\ índice analítico17aPSICOPEDAGOGÍA